|
|
|
|
| LEADER |
00000nam0a2200000 4500 |
| 001 |
127401 |
| 005 |
20231031132225.0 |
| 010 |
|
|
|a 5750806073
|
| 029 |
1 |
0 |
|a RU
|b 4.3.2030-05
|c МУК
|
| 035 |
|
|
|a (RuTPU)RU\TPU\book\137816
|
| 090 |
|
|
|a 127401
|
| 100 |
|
|
|a 20071214d2006 k y0rusy50 ca
|
| 101 |
0 |
|
|a rus
|
| 102 |
|
|
|a RU
|
| 105 |
|
|
|a a l 001zy
|
| 200 |
1 |
|
|a Санитарно-вирусологический контроль эффективности обеззараживания питьевых и сточных вод УФ-облучением
|e методические указания МУК 4.3.2030-05
|f Федеральная служба по надзору в сфере защиты прав потребителей и благополучия человека
|
| 205 |
|
|
|a официальное изд.
|
| 210 |
|
|
|a Москва
|c Роспотребнадзор
|d 2006
|
| 215 |
|
|
|a 20 с.
|c ил.
|
| 225 |
1 |
|
|a 4.3. Методы контроля. Физические факторы
|
| 225 |
1 |
|
|a Государственное санитарно-эпидемиологическое нормирование Российской Федерации
|
| 229 |
|
|
|a Введены в действие Главным государственным санитарным врачем Российской Федерации Г. Г. Онищенко 2005 г. Введены впервые
|
| 320 |
|
|
|a Библиографические данные: с. 13-14.
|
| 320 |
|
|
|a Список сокращений: с. 14.
|
| 610 |
1 |
|
|a питьевая вода
|
| 610 |
1 |
|
|a сточные воды
|
| 610 |
1 |
|
|a обеззараживание
|
| 610 |
1 |
|
|a УФ-облучение
|
| 610 |
1 |
|
|a санитарно-вирусологический контроль
|
| 675 |
|
|
|a 628.166
|v 3
|
| 675 |
|
|
|a 628.33
|v 3
|
| 712 |
0 |
1 |
|a Российская Федерация
|b Федеральная служба по надзору в сфере защиты прав потребителей и благополучия человека (Роспотребнадзор)
|c (2004- )
|2 stltpush
|3 (RuTPU)RU\TPU\col\10834
|
| 801 |
|
1 |
|a RU
|b 63413507
|c 20071214
|g PSBO
|
| 801 |
|
2 |
|a RU
|b 63413507
|c 20221207
|g PSBO
|
| 942 |
|
|
|c BK
|